000 00344nam a2200133Ia 4500
008 240624s9999 xx 000 0 und d
041 _aeng
082 _a332.1 MAR
100 _aMARTIN FELIX
245 _aMONEY THE UNAUTHORIZED BIOGRAPHY
260 _c2014
_aNew York
_bAlfred A Knopf
300 _aviii, : 320 : p. : cm. ; 23
365 _c
_b38
999 _c28329
_d28329